00362pab a2200145 454500008004000000100002400040245005300064260000900117300001300126362000800139650001400147650001300161700002300174773001900197180718b2013 xxu||||| |||| 00| 0 eng d aSingh, Birendra Kr. aThe impact of migration on land use of Gaya city c2013 ap.35-47. aDec aMigration aLand use aSingh, Chandra Kr. aSocial Profile